000 00872nam a2200241 a 4500
001 000047288
005 20201002053522.0
008 180426s2017 dr a r 000 0 spa d
020 _a9789945192735
040 _aDO-SdBNP
_bspa
_cBNPHU
082 _axxxx
_bG643L, 4to., 2017
100 1 _aGonzález, Mirtha
_974906
245 1 0 _aLengua española 4 :
_beducación primaria /
_cMirtha González ; editor Jorge Zamora Mato.
250 _a2a ed.
260 _aSanto Domingo :
_bSantillana,
_c2017.
300 _a3v. :
_bil. ;
_c28 cm. +
_eCD-ROM
490 1 _aProyecto todos juntos
500 _aActualización según el nuevo diseño curricular oficial
505 0 _gv.1.
_tLibro texto
_gv.2.
_tLibro maestro
_gv.3.
_tCuaderno, ficha de actividades
590 _aInventariado, 2018/MFF
700 1 _aZamora Mato, Jorge,
_eed.
_974905
830 0 _aProyecto todos juntos
_930856
999 _c46776
_d46776